[Event "WCO 2016"]
[Site "?"]
[Date "2016.09.11"]
[Round "9"]
[Board "23"]
[WhiteID "1000268"]
[White "Van Wely Loek"]
[BlackID "300071"]
[Black "Hracek Zbynek"]
[Result "1/2-1/2"]
[BlackElo "2591"]
[WhiteElo "2674"]
[LiveChessVersion "1.4.8"]

1. d4 {[%clk 1:30:55]} Nf6 {[%clk 1:30:56]} 2. c4 {[%clk 1:31:17]} e6
{[%clk 1:31:22]} 3. Nf3 {[%clk 1:31:38]} d5 {[%clk 1:31:47]} 4. Nc3
{[%clk 1:31:57]} Bb4 {[%clk 1:32:07]} 5. cxd5 {[%clk 1:32:13]} exd5
{[%clk 1:32:36]} 6. Bg5 {[%clk 1:32:33]} h6 {[%clk 1:32:58]} 7. Bxf6
{[%clk 1:32:39]} Qxf6 {[%clk 1:33:21]} 8. Qb3 {[%clk 1:33:04]} c5
{[%clk 1:33:39]} 9. a3 {[%clk 1:33:27]} Bxc3+ {[%clk 1:33:51]} 10. Qxc3
{[%clk 1:33:52]} Nd7 {[%clk 1:32:22]} 11. g3 {[%clk 1:34:14]} O-O
{[%clk 1:31:16]} 12. Bg2 {[%clk 1:34:38]} b6 {[%clk 1:17:12]} 13. O-O
{[%clk 1:34:23]} Ba6 {[%clk 1:09:47]} 14. Rfe1 {[%clk 1:30:15]} Rac8
{[%clk 1:09:21]} 15. Rad1 {[%clk 1:22:20]} Rfe8 {[%clk 1:01:54]} 16. e3
{[%clk 1:20:56]} Bb7 {[%clk 0:50:44]} 17. Rc1 {[%clk 0:56:03]} c4
{[%clk 0:43:46]} 18. a4 {[%clk 0:51:17]} a6 {[%clk 0:43:33]} 19. Nd2
{[%clk 0:45:04]} b5 {[%clk 0:39:14]} 20. b3 {[%clk 0:43:17]} Bc6 {[%clk 0:32:02]}
21. e4 {[%clk 0:21:25]} dxe4 {[%clk 0:26:36]} 22. bxc4 {[%clk 0:21:07]} bxc4
{[%clk 0:15:15]} 23. Qxc4 {[%clk 0:19:32]} Bb7 {[%clk 0:15:01]} 24. Nxe4
{[%clk 0:16:10]} Qf5 {[%clk 0:08:37]} 25. Nd6 {[%clk 0:09:05]} Rxe1+
{[%clk 0:09:02]} 26. Rxe1 {[%clk 0:09:32]} Rxc4 {[%clk 0:09:27]} 27. Nxf5
{[%clk 0:09:48]} Bxg2 {[%clk 0:09:54]} 28. Kxg2 {[%clk 0:09:59]} Rxa4
{[%clk 0:08:46]} 29. d5 {[%clk 0:08:53]} Nf6 {[%clk 0:07:00]} 30. d6
{[%clk 0:08:52]} g6 {[%clk 0:06:17]} 31. Ne7+ {[%clk 0:08:18]} Kf8
{[%clk 0:05:14]} 32. Rd1 {[%clk 0:07:48]} Nd7 {[%clk 0:04:51]} 33. h4
{[%clk 0:04:48]} h5 {[%clk 0:05:05]} 34. f4 {[%clk 0:04:48]} Rb4 {[%clk 0:03:24]}
35. f5 {[%clk 0:04:42]} Rb2+ {[%clk 0:02:46]} 36. Kf3 {[%clk 0:03:56]} Kg7
{[%clk 0:02:01]} 37. fxg6 {[%clk 0:02:29]} fxg6 {[%clk 0:02:29]} 38. Nd5
{[%clk 0:02:32]} Rb5 {[%clk 0:01:31]} 39. Ke4 {[%clk 0:02:46]} a5
{[%clk 0:01:16]} 40. Kd4 {[%clk 0:31:47]} a4 {[%clk 0:30:35]} 41. Rc1
{[%clk 0:13:29]} Kf8 {[%clk 0:26:51]} 42. Rf1+ {[%clk 0:10:12]} Kg7
{[%clk 0:27:17]} 43. Re1 {[%clk 0:10:11]} Rb7 {[%clk 0:17:52]} 44. Re7+
{[%clk 0:10:36]} Kh6 {[%clk 0:18:19]} 45. Nc3 {[%clk 0:10:20]} a3
{[%clk 0:16:47]} 46. Kd5 {[%clk 0:09:02]} Rb3 {[%clk 0:07:51]} 47. Kc4
{[%clk 0:08:15]} Rb7 {[%clk 0:08:13]} 48. Kd5 {[%clk 0:08:40]} Rb3
{[%clk 0:07:05]} 49. Rxd7 {[%clk 0:06:39]} Rxc3 {[%clk 0:07:34]} 50. Ra7
{[%clk 0:06:54]} Rxg3 {[%clk 0:07:29]} 51. Ke6 {[%clk 0:03:44]} Rd3
{[%clk 0:01:02]} 52. d7 {[%clk 0:01:49]} g5 {[%clk 0:01:27]} 53. Rxa3
{[%clk 0:01:58]} Rxd7 {[%clk 0:01:42]} 54. Kxd7 {[%clk 0:02:14]} gxh4
{[%clk 0:02:10]} 55. Ke6 {[%clk 0:00:55]} Kg5 {[%clk 0:02:36]} 56. Ke5
{[%clk 0:01:17]} Kg4 {[%clk 0:03:01]} 57. Ra4+ {[%clk 0:01:40]} Kg3
{[%clk 0:03:20]} 58. Kf5 {[%clk 0:01:49]} h3 {[%clk 0:03:16]} 59. Ra3+
{[%clk 0:01:57]} Kg2 {[%clk 0:03:15]} 60. Kf4 {[%clk 0:01:46]} h2
{[%clk 0:03:31]} 61. Ra2+ {[%clk 0:01:59]} Kh3 {[%clk 0:03:24]} 62. Ra1
{[%clk 0:02:15]} Kg2 {[%clk 0:03:50]} 63. Ra2+ {[%clk 0:02:38]} Kh3
{[%clk 0:04:17]} 64. Ra1 {[%clk 0:03:01]} Kg2 {[%clk 0:04:44]} 1/2-1/2

[Event "WCO 2016"]
[Site "?"]
[Date "2016.09.11"]
[Round "9"]
[Board "24"]
[WhiteID "325740"]
[White "Plat Vojtech"]
[BlackID "1020854"]
[Black "Van Kampen Robin"]
[Result "1/2-1/2"]
[BlackElo "2640"]
[WhiteElo "2519"]
[LiveChessVersion "1.4.8"]

1. d4 {[%clk 1:30:50]} Nf6 {[%clk 1:30:52]} 2. c4 {[%clk 1:31:16]} g6
{[%clk 1:31:17]} 3. g3 {[%clk 1:31:41]} Bg7 {[%clk 1:31:40]} 4. Bg2
{[%clk 1:32:06]} O-O {[%clk 1:32:01]} 5. Nc3 {[%clk 1:32:33]} d6 {[%clk 1:32:08]}
6. Nf3 {[%clk 1:32:57]} c5 {[%clk 1:32:32]} 7. O-O {[%clk 1:33:02]} Nc6
{[%clk 1:32:56]} 8. d5 {[%clk 1:24:35]} Na5 {[%clk 1:33:13]} 9. Qd3
{[%clk 1:24:53]} a6 {[%clk 1:33:26]} 10. Rb1 {[%clk 1:13:53]} b5 {[%clk 1:32:07]}
11. Nd2 {[%clk 1:12:04]} Nd7 {[%clk 1:11:52]} 12. cxb5 {[%clk 1:11:33]} axb5
{[%clk 1:12:16]} 13. Nxb5 {[%clk 1:10:19]} Ba6 {[%clk 1:12:06]} 14. a4
{[%clk 1:09:31]} Rb8 {[%clk 1:07:44]} 15. b3 {[%clk 1:00:49]} Ne5
{[%clk 1:05:04]} 16. Qe4 {[%clk 0:56:33]} Bxb5 {[%clk 1:04:24]} 17. axb5
{[%clk 0:56:57]} Rxb5 {[%clk 1:04:29]} 18. Ba3 {[%clk 0:56:58]} Qb8
{[%clk 0:54:08]} 19. Qa4 {[%clk 0:54:08]} Qb6 {[%clk 0:35:16]} 20. b4
{[%clk 0:51:05]} cxb4 {[%clk 0:34:21]} 21. Rxb4 {[%clk 0:42:10]} Rxb4
{[%clk 0:34:36]} 22. Qxb4 {[%clk 0:42:24]} Qxb4 {[%clk 0:31:30]} 23. Bxb4
{[%clk 0:42:49]} Nac4 {[%clk 0:31:49]} 24. Nxc4 {[%clk 0:43:14]} Nxc4
{[%clk 0:32:10]} 25. Rc1 {[%clk 0:43:41]} Nb6 {[%clk 0:30:54]} 26. Rc7
{[%clk 0:38:34]} Bf6 {[%clk 0:30:05]} 27. Rb7 {[%clk 0:33:37]} Nc4
{[%clk 0:29:39]} 28. e4 {[%clk 0:33:15]} Ra8 {[%clk 0:25:15]} 29. Bf1
{[%clk 0:31:55]} Ne5 {[%clk 0:25:29]} 30. Be2 {[%clk 0:23:08]} Ra2
{[%clk 0:21:30]} 31. Kf1 {[%clk 0:23:32]} Ra1+ {[%clk 0:21:17]} 32. Kg2
{[%clk 0:23:57]} 1/2-1/2

[Event "WCO 2016"]
[Site "?"]
[Date "2016.09.11"]
[Round "9"]
[Board "25"]
[WhiteID "738590"]
[White "Rapport Richard"]
[BlackID "13601520"]
[Black "Jobava Baadur"]
[Result "0-1"]
[BlackElo "2665"]
[WhiteElo "2752"]
[LiveChessVersion "1.4.8"]

1. e4 {[%clk 1:30:31]} d6 {[%clk 1:30:42]} 2. Nc3 {[%clk 1:30:36]} e5
{[%clk 1:28:13]} 3. f4 {[%clk 1:30:06]} exf4 {[%clk 1:27:25]} 4. Nf3
{[%clk 1:30:18]} Ne7 {[%clk 1:27:11]} 5. d4 {[%clk 1:27:31]} Ng6 {[%clk 1:25:47]}
6. Bd3 {[%clk 1:15:34]} Be7 {[%clk 1:25:28]} 7. O-O {[%clk 1:15:51]} Nd7
{[%clk 1:18:38]} 8. Nd5 {[%clk 1:14:18]} Ndf8 {[%clk 1:17:54]} 9. Qe1
{[%clk 1:04:51]} Ne6 {[%clk 1:08:38]} 10. Nxe7 {[%clk 1:05:05]} Qxe7
{[%clk 0:59:40]} 11. h4 {[%clk 1:04:20]} O-O {[%clk 0:55:40]} 12. h5
{[%clk 0:58:42]} Nh8 {[%clk 0:54:33]} 13. e5 {[%clk 0:57:30]} d5 {[%clk 0:42:50]}
14. c4 {[%clk 0:57:01]} dxc4 {[%clk 0:41:13]} 15. Bxc4 {[%clk 0:49:52]} Rd8
{[%clk 0:36:05]} 16. Bxe6 {[%clk 0:38:20]} Qxe6 {[%clk 0:35:27]} 17. Qh4
{[%clk 0:36:41]} Rd5 {[%clk 0:33:29]} 18. Bxf4 {[%clk 0:32:41]} Qg4
{[%clk 0:33:02]} 19. Rac1 {[%clk 0:32:05]} Qxh4 {[%clk 0:28:30]} 20. Nxh4
{[%clk 0:31:04]} c6 {[%clk 0:28:57]} 21. Be3 {[%clk 0:17:24]} Rb5
{[%clk 0:19:38]} 22. b3 {[%clk 0:14:14]} h6 {[%clk 0:17:13]} 23. Rc3
{[%clk 0:13:10]} Ra5 {[%clk 0:16:15]} 24. a4 {[%clk 0:12:35]} Rd5
{[%clk 0:16:20]} 25. Nf5 {[%clk 0:08:31]} Bxf5 {[%clk 0:16:41]} 26. Rxf5
{[%clk 0:08:59]} Re8 {[%clk 0:14:00]} 27. g4 {[%clk 0:08:21]} Re6
{[%clk 0:13:02]} 28. Kg2 {[%clk 0:08:39]} a6 {[%clk 0:07:03]} 29. Kg3
{[%clk 0:08:07]} g6 {[%clk 0:06:06]} 30. Rf3 {[%clk 0:07:33]} gxh5
{[%clk 0:05:14]} 31. gxh5 {[%clk 0:07:54]} f6 {[%clk 0:05:40]} 32. Rxf6
{[%clk 0:07:58]} Rxf6 {[%clk 0:06:07]} 33. exf6 {[%clk 0:08:26]} Rxh5
{[%clk 0:06:26]} 34. Kg4 {[%clk 0:08:41]} Rd5 {[%clk 0:06:49]} 35. Bxh6
{[%clk 0:06:10]} Rxd4+ {[%clk 0:06:59]} 36. Kf3 {[%clk 0:03:53]} Kf7
{[%clk 0:07:16]} 37. Be3 {[%clk 0:02:51]} Rd6 {[%clk 0:07:01]} 38. Bg5
{[%clk 0:00:52]} Rd5 {[%clk 0:04:18]} 39. Kg4 {[%clk 0:01:07]} Kg6
{[%clk 0:04:43]} 40. Bh4 {[%clk 0:31:22]} Nf7 {[%clk 0:34:05]} 41. Kf3
{[%clk 0:23:58]} Rh5 {[%clk 0:30:33]} 42. Bg3 {[%clk 0:24:24]} Kxf6
{[%clk 0:30:50]} 43. Re3 {[%clk 0:24:44]} Rd5 {[%clk 0:24:40]} 44. Ke2
{[%clk 0:24:58]} Ne5 {[%clk 0:24:47]} 45. Re4 {[%clk 0:24:58]} Nd3
{[%clk 0:24:18]} 46. Re3 {[%clk 0:21:05]} Nc1+ {[%clk 0:22:57]} 47. Kf3
{[%clk 0:20:17]} Kf5 {[%clk 0:16:57]} 48. Bb8 {[%clk 0:17:12]} Rd4
{[%clk 0:11:19]} 49. Rc3 {[%clk 0:10:44]} Rd3+ {[%clk 0:09:19]} 50. Rxd3
{[%clk 0:11:11]} Nxd3 {[%clk 0:09:46]} 51. Ke3 {[%clk 0:10:02]} Nc5
{[%clk 0:10:08]} 52. Kd4 {[%clk 0:09:51]} Nxb3+ {[%clk 0:10:33]} 53. Kc4
{[%clk 0:10:17]} Nc1 {[%clk 0:07:57]} 54. a5 {[%clk 0:08:50]} Ke4
{[%clk 0:06:45]} 55. Kc5 {[%clk 0:09:15]} Kd3 {[%clk 0:07:05]} 56. Be5
{[%clk 0:09:17]} Nb3+ {[%clk 0:07:07]} 57. Kb4 {[%clk 0:09:30]} Nd2
{[%clk 0:07:22]} 58. Kc5 {[%clk 0:09:55]} Ne4+ {[%clk 0:07:42]} 0-1

[Event "WCO 2016"]
[Site "?"]
[Date "2016.09.11"]
[Round "9"]
[Board "26"]
[WhiteID "13600966"]
[White "Mchedlishvili Mikheil"]
[BlackID "718572"]
[Black "Berkes Ferenc"]
[Result "1-0"]
[BlackElo "2640"]
[WhiteElo "2609"]
[LiveChessVersion "1.4.8"]

1. c4 {[%clk 1:30:51]} Nf6 {[%clk 1:30:36]} 2. Nc3 {[%clk 1:28:24]} e6
{[%clk 1:29:23]} 3. d4 {[%clk 1:27:15]} Bb4 {[%clk 1:29:37]} 4. e3
{[%clk 1:26:39]} O-O {[%clk 1:30:00]} 5. Nge2 {[%clk 1:25:51]} c6
{[%clk 1:29:45]} 6. a3 {[%clk 1:22:32]} Ba5 {[%clk 1:30:09]} 7. Qc2
{[%clk 1:22:03]} d5 {[%clk 1:30:21]} 8. Ng3 {[%clk 1:21:39]} Nbd7
{[%clk 1:29:47]} 9. Be2 {[%clk 1:19:18]} dxc4 {[%clk 1:22:49]} 10. Bxc4
{[%clk 1:19:07]} e5 {[%clk 1:22:56]} 11. O-O {[%clk 1:16:55]} Bc7
{[%clk 1:15:13]} 12. Ba2 {[%clk 1:16:19]} Re8 {[%clk 1:05:00]} 13. Rd1
{[%clk 1:06:53]} exd4 {[%clk 1:04:53]} 14. Rxd4 {[%clk 1:04:43]} Qe7
{[%clk 0:54:08]} 15. Nf5 {[%clk 1:00:14]} Qe5 {[%clk 0:53:21]} 16. f4
{[%clk 0:57:27]} Qc5 {[%clk 0:53:40]} 17. b4 {[%clk 0:33:01]} Qf8
{[%clk 0:54:01]} 18. Bb2 {[%clk 0:30:20]} Nb6 {[%clk 0:53:32]} 19. Re1
{[%clk 0:25:37]} Bxf5 {[%clk 0:35:14]} 20. Qxf5 {[%clk 0:26:00]} Rad8
{[%clk 0:35:40]} 21. Rxd8 {[%clk 0:23:10]} Bxd8 {[%clk 0:34:33]} 22. Qd3
{[%clk 0:20:07]} c5 {[%clk 0:32:34]} 23. bxc5 {[%clk 0:16:04]} Qxc5
{[%clk 0:32:53]} 24. Nb5 {[%clk 0:15:36]} Be7 {[%clk 0:25:18]} 25. Rc1
{[%clk 0:13:22]} Qh5 {[%clk 0:25:33]} 26. Bxf6 {[%clk 0:09:13]} gxf6
{[%clk 0:25:14]} 27. Nd4 {[%clk 0:08:57]} Rc8 {[%clk 0:20:49]} 28. Rxc8+
{[%clk 0:08:07]} Nxc8 {[%clk 0:21:13]} 29. Nf5 {[%clk 0:07:39]} Bf8
{[%clk 0:21:34]} 30. h3 {[%clk 0:07:08]} Qg6 {[%clk 0:21:22]} 31. Qd7
{[%clk 0:07:04]} Nb6 {[%clk 0:20:56]} 32. Qe8 {[%clk 0:07:24]} 1-0

[Event "WCO 2016"]
[Site "?"]
[Date "2016.09.11"]
[Round "9"]
[Board "27"]
[WhiteID "702293"]
[White "Almasi Zoltan"]
[BlackID "13600702"]
[Black "Gelashvili Tamaz"]
[Result "1-0"]
[BlackElo "2575"]
[WhiteElo "2684"]
[LiveChessVersion "1.4.8"]

1. Nf3 {[%clk 1:30:54]} Nf6 {[%clk 1:30:53]} 2. c4 {[%clk 1:31:10]} Nc6
{[%clk 1:31:18]} 3. d4 {[%clk 1:27:30]} e6 {[%clk 1:31:42]} 4. a3
{[%clk 1:25:19]} d6 {[%clk 1:32:05]} 5. Nc3 {[%clk 1:23:26]} g6 {[%clk 1:32:22]}
6. g3 {[%clk 1:19:00]} Bg7 {[%clk 1:32:00]} 7. Bg2 {[%clk 1:19:25]} O-O
{[%clk 1:32:00]} 8. O-O {[%clk 1:19:07]} a6 {[%clk 1:11:16]} 9. b4
{[%clk 0:52:34]} Nd7 {[%clk 1:09:44]} 10. Bg5 {[%clk 0:49:29]} f6
{[%clk 1:04:42]} 11. Be3 {[%clk 0:47:48]} Ne7 {[%clk 1:04:42]} 12. Qb3
{[%clk 0:46:17]} Kh8 {[%clk 1:03:15]} 13. Rfd1 {[%clk 0:46:07]} h6
{[%clk 1:01:53]} 14. Bd2 {[%clk 0:36:30]} f5 {[%clk 1:01:36]} 15. e4
{[%clk 0:36:33]} fxe4 {[%clk 1:01:12]} 16. Nxe4 {[%clk 0:36:55]} Nf5
{[%clk 0:54:58]} 17. Qd3 {[%clk 0:33:22]} b5 {[%clk 0:51:08]} 18. cxb5
{[%clk 0:30:04]} axb5 {[%clk 0:51:21]} 19. Nc3 {[%clk 0:26:51]} Nb6
{[%clk 0:46:37]} 20. Ne2 {[%clk 0:19:34]} Nd5 {[%clk 0:43:16]} 21. Rac1
{[%clk 0:15:59]} Bb7 {[%clk 0:42:16]} 22. h4 {[%clk 0:14:42]} Ra7
{[%clk 0:36:57]} 23. Rc2 {[%clk 0:14:17]} Qf6 {[%clk 0:28:38]} 24. Rf1
{[%clk 0:13:29]} Nb6 {[%clk 0:15:38]} 25. Rxc7 {[%clk 0:12:16]} Be4
{[%clk 0:15:57]} 26. Qxe4 {[%clk 0:12:32]} Rxc7 {[%clk 0:16:23]} 27. Nf4
{[%clk 0:12:36]} Nc4 {[%clk 0:05:03]} 28. Bc1 {[%clk 0:12:42]} Rfc8
{[%clk 0:01:42]} 29. Re1 {[%clk 0:07:10]} d5 {[%clk 0:00:46]} 30. Qxe6
{[%clk 0:06:30]} Qxe6 {[%clk 0:01:02]} 31. Rxe6 {[%clk 0:06:55]} Kh7
{[%clk 0:00:44]} 32. h5 {[%clk 0:03:31]} g5 {[%clk 0:00:53]} 33. Nxd5
{[%clk 0:03:40]} Rc6 {[%clk 0:00:44]} 34. Bh3 {[%clk 0:02:46]} Ncd6
{[%clk 0:01:05]} 35. Bd2 {[%clk 0:03:04]} Rc2 {[%clk 0:00:36]} 36. Ne3
{[%clk 0:02:09]} Nxe3 {[%clk 0:00:40]} 37. Bxe3 {[%clk 0:02:37]} R8c6
{[%clk 0:00:34]} 38. Rxd6 {[%clk 0:02:40]} Rc1+ {[%clk 0:00:41]} 39. Bxc1
{[%clk 0:02:57]} Rxd6 {[%clk 0:01:10]} 40. Be3 {[%clk 0:32:12]} Ra6
{[%clk 0:31:38]} 41. Bf5+ {[%clk 0:30:13]} Kh8 {[%clk 0:31:56]} 42. d5
{[%clk 0:29:59]} Rxa3 {[%clk 0:30:37]} 43. d6 {[%clk 0:28:16]} 1-0

[Event "WCO 2016"]
[Site "?"]
[Date "2016.09.11"]
[Round "9"]
[Board "28"]
[WhiteID "13602608"]
[White "Sanikidze Tornike"]
[BlackID "718939"]
[Black "Balogh Csaba"]
[Result "1/2-1/2"]
[BlackElo "2614"]
[WhiteElo "2497"]
[LiveChessVersion "1.4.8"]

1. d4 {[%clk 1:30:48]} d5 {[%clk 1:30:26]} 2. c4 {[%clk 1:31:02]} dxc4
{[%clk 1:30:41]} 3. e4 {[%clk 1:31:16]} e5 {[%clk 1:29:54]} 4. Nf3
{[%clk 1:31:18]} Bb4+ {[%clk 1:29:38]} 5. Nc3 {[%clk 1:30:27]} exd4
{[%clk 1:29:14]} 6. Nxd4 {[%clk 1:30:49]} Ne7 {[%clk 1:29:27]} 7. Bxc4
{[%clk 1:30:59]} Nbc6 {[%clk 1:29:25]} 8. Be3 {[%clk 1:31:17]} O-O
{[%clk 1:29:31]} 9. O-O {[%clk 1:29:56]} Nxd4 {[%clk 1:29:08]} 10. Bxd4
{[%clk 1:29:11]} Nc6 {[%clk 1:29:07]} 11. Be3 {[%clk 1:29:10]} Qxd1
{[%clk 1:27:11]} 12. Rfxd1 {[%clk 1:24:01]} Na5 {[%clk 1:26:22]} 13. Be2
{[%clk 1:20:20]} Bxc3 {[%clk 1:26:43]} 14. bxc3 {[%clk 1:20:45]} Be6
{[%clk 1:27:09]} 15. Bf4 {[%clk 1:12:52]} Rac8 {[%clk 1:16:31]} 16. g4
{[%clk 1:07:14]} f6 {[%clk 1:11:16]} 17. h4 {[%clk 0:58:16]} Bc4 {[%clk 0:50:13]}
18. Kf1 {[%clk 0:43:03]} Rfe8 {[%clk 0:45:48]} 19. f3 {[%clk 0:38:16]} Kf7
{[%clk 0:46:11]} 20. Bxc4+ {[%clk 0:31:20]} Nxc4 {[%clk 0:46:36]} 21. Rd4
{[%clk 0:31:03]} Ne5 {[%clk 0:36:56]} 22. Ke2 {[%clk 0:31:19]} Red8
{[%clk 0:32:41]} 23. Rad1 {[%clk 0:30:55]} Ke7 {[%clk 0:33:04]} 24. g5
{[%clk 0:22:28]} Nc6 {[%clk 0:24:47]} 25. Rd5 {[%clk 0:20:42]} Rxd5
{[%clk 0:24:50]} 26. Rxd5 {[%clk 0:21:04]} fxg5 {[%clk 0:18:23]} 27. Bxg5+
{[%clk 0:12:54]} Ke6 {[%clk 0:12:59]} 28. f4 {[%clk 0:13:14]} g6 {[%clk 0:13:25]}
29. f5+ {[%clk 0:13:36]} gxf5 {[%clk 0:13:47]} 30. Rxf5 {[%clk 0:14:02]} Ne5
{[%clk 0:11:37]} 31. Rf6+ {[%clk 0:12:52]} Kd7 {[%clk 0:12:02]} 32. h5
{[%clk 0:09:02]} Rg8 {[%clk 0:11:15]} 33. Rf5 {[%clk 0:05:50]} Ke6
{[%clk 0:11:11]} 34. Rf6+ {[%clk 0:06:17]} Kd7 {[%clk 0:11:35]} 35. Rf5
{[%clk 0:05:36]} Ke6 {[%clk 0:12:00]} 36. Rf6+ {[%clk 0:05:02]} 1/2-1/2

[Event "WCO 2016"]
[Site "?"]
[Date "2016.09.11"]
[Round "9"]
[Board "29"]
[WhiteID "813192"]
[White "Vocaturo Daniele"]
[BlackID "3405400"]
[Black "Morovic Fernandez Ivan"]
[Result "1-0"]
[BlackElo "2554"]
[WhiteElo "2583"]
[LiveChessVersion "1.4.8"]

1. d4 {[%clk 1:30:45]} Nf6 {[%clk 1:30:54]} 2. c4 {[%clk 1:30:51]} d6
{[%clk 1:30:48]} 3. Nc3 {[%clk 1:30:20]} g6 {[%clk 1:31:14]} 4. e4
{[%clk 1:30:17]} Bg7 {[%clk 1:31:35]} 5. f3 {[%clk 1:30:10]} O-O {[%clk 1:31:54]}
6. Be3 {[%clk 1:29:42]} c5 {[%clk 1:30:28]} 7. Nge2 {[%clk 1:29:23]} Nc6
{[%clk 1:30:24]} 8. d5 {[%clk 1:29:19]} Ne5 {[%clk 1:29:28]} 9. Ng3
{[%clk 1:29:09]} e6 {[%clk 1:29:03]} 10. Be2 {[%clk 1:28:13]} exd5
{[%clk 1:24:36]} 11. cxd5 {[%clk 1:28:14]} h5 {[%clk 1:21:15]} 12. O-O
{[%clk 1:27:24]} a6 {[%clk 1:19:11]} 13. a4 {[%clk 1:26:53]} Bd7 {[%clk 1:15:46]}
14. Qd2 {[%clk 1:23:29]} b5 {[%clk 0:53:09]} 15. h3 {[%clk 1:22:49]} Rb8
{[%clk 0:46:28]} 16. Bg5 {[%clk 1:06:34]} Re8 {[%clk 0:26:29]} 17. f4
{[%clk 1:00:27]} Nc4 {[%clk 0:23:26]} 18. Bxc4 {[%clk 1:00:37]} bxc4
{[%clk 0:23:53]} 19. e5 {[%clk 0:53:31]} dxe5 {[%clk 0:23:19]} 20. f5
{[%clk 0:50:40]} e4 {[%clk 0:17:13]} 21. Qf4 {[%clk 0:46:52]} Bxf5
{[%clk 0:11:20]} 22. Nxf5 {[%clk 0:46:43]} gxf5 {[%clk 0:11:48]} 23. Qxf5
{[%clk 0:46:33]} Rb6 {[%clk 0:12:11]} 24. Nxe4 {[%clk 0:43:47]} Rxe4
{[%clk 0:09:18]} 25. Bxf6 {[%clk 0:43:22]} Qe8 {[%clk 0:05:01]} 26. Qg5
{[%clk 0:42:20]} Rxf6 {[%clk 0:04:07]} 27. Rxf6 {[%clk 0:42:38]} Qe7
{[%clk 0:01:27]} 28. Raf1 {[%clk 0:39:51]} Rd4 {[%clk 0:00:59]} 29. Qg3
{[%clk 0:37:56]} Re4 30. Qg5 Re5 31. Qg3 1-0

[Event "WCO 2016"]
[Site "?"]
[Date "2016.09.11"]
[Round "9"]
[Board "31"]
[WhiteID "813613"]
[White "Brunello Sabino"]
[BlackID "3409350"]
[Black "Henriquez Villagra Cristobal"]
[Result "1/2-1/2"]
[BlackElo "2508"]
[WhiteElo "2568"]
[LiveChessVersion "1.4.8"]

1. d4 {[%clk 1:30:56]} Nf6 {[%clk 1:30:53]} 2. c4 {[%clk 1:30:10]} e6
{[%clk 1:31:09]} 3. Nf3 {[%clk 1:30:35]} Bb4+ {[%clk 1:31:29]} 4. Bd2
{[%clk 1:30:38]} a5 {[%clk 1:31:37]} 5. g3 {[%clk 1:29:43]} d6 {[%clk 1:31:19]}
6. Bg2 {[%clk 1:19:23]} Nbd7 {[%clk 1:31:12]} 7. O-O {[%clk 1:19:35]} e5
{[%clk 1:30:50]} 8. e3 {[%clk 1:19:56]} Bxd2 {[%clk 1:29:19]} 9. Nfxd2
{[%clk 1:20:05]} O-O {[%clk 1:23:35]} 10. Nc3 {[%clk 1:20:29]} Re8
{[%clk 1:17:13]} 11. a3 {[%clk 1:20:24]} exd4 {[%clk 1:13:03]} 12. exd4
{[%clk 1:20:19]} c6 {[%clk 1:12:58]} 13. b4 {[%clk 1:14:44]} Nb6 {[%clk 0:55:13]}
14. b5 {[%clk 1:08:00]} Bg4 {[%clk 0:46:02]} 15. Qc2 {[%clk 1:04:02]} d5
{[%clk 0:36:57]} 16. c5 {[%clk 0:55:22]} Nbd7 {[%clk 0:37:21]} 17. bxc6
{[%clk 0:52:39]} bxc6 {[%clk 0:37:45]} 18. h3 {[%clk 0:50:28]} Be2
{[%clk 0:29:04]} 19. Rfe1 {[%clk 0:45:18]} Ba6 {[%clk 0:29:21]} 20. Nf3
{[%clk 0:40:47]} Qc7 {[%clk 0:29:07]} 21. Bf1 {[%clk 0:39:00]} Bxf1
{[%clk 0:27:48]} 22. Kxf1 {[%clk 0:39:19]} Nf8 {[%clk 0:27:55]} 23. Kg2
{[%clk 0:38:51]} Ne6 {[%clk 0:27:58]} 24. Rab1 {[%clk 0:33:50]} Re7
{[%clk 0:27:39]} 25. Qb2 {[%clk 0:21:02]} Rae8 {[%clk 0:26:39]} 26. Qb6
{[%clk 0:20:06]} Qc8 {[%clk 0:22:41]} 27. Qxa5 {[%clk 0:13:21]} g5
{[%clk 0:21:56]} 28. Qb4 {[%clk 0:10:20]} g4 {[%clk 0:21:40]} 29. Ne5
{[%clk 0:05:59]} gxh3+ {[%clk 0:21:33]} 30. Kh1 {[%clk 0:05:58]} Ng5
{[%clk 0:15:13]} 31. f4 {[%clk 0:06:20]} Nge4 {[%clk 0:15:06]} 32. Nxe4
{[%clk 0:03:57]} Nxe4 {[%clk 0:15:34]} 33. Rxe4 {[%clk 0:03:23]} dxe4
{[%clk 0:16:02]} 34. Kh2 {[%clk 0:03:00]} f6 {[%clk 0:08:15]} 35. Nc4
{[%clk 0:02:36]} Qg4 {[%clk 0:07:07]} 36. Nd6 {[%clk 0:01:06]} e3
{[%clk 0:02:54]} 37. Nxe8 {[%clk 0:00:49]} Qe2+ {[%clk 0:02:24]} 38. Kxh3
{[%clk 0:01:13]} Rxe8 {[%clk 0:02:53]} 39. Qb3+ {[%clk 0:00:41]} Kf8
{[%clk 0:02:50]} 40. Qd1 {[%clk 0:30:53]} Qf2 {[%clk 0:30:42]} 41. Qh5
{[%clk 0:15:38]} e2 {[%clk 0:27:15]} 42. Rb7 {[%clk 0:07:18]} Qxg3+
{[%clk 0:24:07]} 1/2-1/2

[Event "WCO 2016"]
[Site "?"]
[Date "2016.09.11"]
[Round "9"]
[Board "32"]
[WhiteID "3401294"]
[White "Valenzuela Fuentealba Luis"]
[BlackID "865834"]
[Black "Moroni Luca Jr"]
[Result "1/2-1/2"]
[BlackElo "2459"]
[WhiteElo "2439"]
[LiveChessVersion "1.4.8"]

1. d4 {[%clk 1:30:56]} Nf6 {[%clk 1:30:53]} 2. Nf3 {[%clk 1:31:06]} e6
{[%clk 1:31:09]} 3. c4 {[%clk 1:31:24]} b6 {[%clk 1:31:33]} 4. g3
{[%clk 1:31:15]} Bb7 {[%clk 1:31:58]} 5. Bg2 {[%clk 1:31:17]} Be7
{[%clk 1:32:22]} 6. O-O {[%clk 1:31:09]} O-O {[%clk 1:32:46]} 7. Re1
{[%clk 1:29:57]} Na6 {[%clk 1:28:07]} 8. Nc3 {[%clk 1:27:31]} d5 {[%clk 1:28:32]}
9. cxd5 {[%clk 1:21:22]} exd5 {[%clk 1:28:50]} 10. Bf4 {[%clk 1:20:18]} c5
{[%clk 1:27:43]} 11. Rc1 {[%clk 1:17:50]} Ne4 {[%clk 1:27:52]} 12. dxc5
{[%clk 1:02:13]} Naxc5 {[%clk 1:28:06]} 13. Be5 {[%clk 0:56:16]} Re8
{[%clk 1:19:12]} 14. Nb5 {[%clk 0:46:48]} Bf8 {[%clk 1:12:18]} 15. b4
{[%clk 0:36:35]} Ne6 {[%clk 1:04:23]} 16. a3 {[%clk 0:32:26]} f6 {[%clk 0:59:17]}
17. Bf4 {[%clk 0:30:32]} a5 {[%clk 0:48:27]} 18. Qb3 {[%clk 0:21:50]} axb4
{[%clk 0:41:51]} 19. axb4 {[%clk 0:22:17]} Nxf4 {[%clk 0:33:42]} 20. gxf4
{[%clk 0:22:40]} Rc8 {[%clk 0:32:49]} 21. Bh3 {[%clk 0:16:13]} Rxc1
{[%clk 0:25:20]} 22. Rxc1 {[%clk 0:16:42]} Nd6 {[%clk 0:25:02]} 23. Nxd6
{[%clk 0:12:44]} Qxd6 {[%clk 0:24:41]} 24. e3 {[%clk 0:13:04]} Qxb4
{[%clk 0:22:36]} 25. Qxb4 {[%clk 0:09:15]} Bxb4 {[%clk 0:23:04]} 26. Rc7
{[%clk 0:09:43]} Re7 {[%clk 0:22:08]} 27. Bd7 {[%clk 0:10:06]} Ba6
{[%clk 0:20:08]} 28. Nd4 {[%clk 0:09:32]} Bd6 {[%clk 0:18:42]} 29. Ra7
{[%clk 0:04:16]} Bc8 {[%clk 0:17:19]} 30. Ra8 {[%clk 0:04:32]} Rxd7
{[%clk 0:17:26]} 31. Rxc8+ {[%clk 0:05:00]} Kf7 {[%clk 0:17:45]} 32. Kf1
{[%clk 0:04:54]} Bc5 {[%clk 0:10:54]} 33. Nb3 {[%clk 0:05:09]} Bd6
{[%clk 0:09:04]} 34. Nd4 {[%clk 0:05:04]} g5 {[%clk 0:07:29]} 35. fxg5
{[%clk 0:04:15]} fxg5 {[%clk 0:07:58]} 36. Rc6 {[%clk 0:03:59]} Bxh2
{[%clk 0:03:14]} 37. Nf3 {[%clk 0:04:01]} Bc7 {[%clk 0:02:25]} 38. Nxg5+
{[%clk 0:04:25]} Kg8 {[%clk 0:02:54]} 39. Ne6 {[%clk 0:03:38]} Rd6
{[%clk 0:01:41]} 40. Rxc7 {[%clk 0:34:00]} Rxe6 {[%clk 0:32:10]} 41. Rd7
{[%clk 0:33:48]} b5 {[%clk 0:23:38]} 42. Rb7 {[%clk 0:34:03]} 1/2-1/2